Statistics for Countries Bordering Bodies of Water by Numbers

Click here to take the quiz!

General Stats

  • This quiz has been taken 187 times
    (170 since last reset)
  • The average score is 46 of 55

Answer Stats

Answer% Correct
Canada
99%
United States
99%
Japan
98%
China
96%
Nicaragua
95%
Russia
95%
Russia
95%
Russia
95%
South Korea
94%
North Korea
93%
Norway
93%
Finland
92%
Italy
92%
Denmark
91%
Denmark
91%
Germany
91%
Germany
91%
Latvia
91%
Sweden
91%
Estonia
90%
Lithuania
90%
United Kingdom
90%
Poland
87%
Uganda
87%
Albania
86%
Croatia
86%
France
86%
Kenya
86%
Netherlands
86%
Belgium
85%
Bosnia and Herzegovina
85%
Slovenia
83%
Taiwan
83%
Tanzania
83%
Vietnam
83%
Montenegro
82%
Philippines
81%
Indonesia
80%
Kazakhstan
80%
Malaysia
80%
Turkmenistan
80%
Azerbaijan
77%
Iran
77%
Benin
76%
Ghana
76%
Togo
76%
Cameroon
75%
Nigeria
75%
Equatorial Guinea
70%
Gabon
70%
Singapore
70%
Thailand
70%
Cambodia
68%
Brunei
65%
Sao Tome and Principe
58%

Score Distribution

Percentile by Number Answered

Percent of People with Each Score

Your Score History

You have not taken this quiz since the last reset